000 00350nam a2200145Ia 4500
005 20251222151259.0
008 251222s9999||||xx |||||||||||||| ||spa||
020 _a9789500602815
082 _a611/C15
100 _aCael, Christy
245 0 _aAnatomía Funcional:
250 _a1ra. ed.
264 _bEditorial Médica Panamericana
942 _cLIB
999 _c22907
_d22907